[Event "Rheinland Pfalz op 4th"]
[Site "Altenkirchen"]
[Date "2012.06.07"]
[Round "1"]
[White "Rosch, Oliver"]
[Black "Kaster, Martin"]
[Result "1/2-1/2"]
[WhiteElo "1412"]
[BlackElo "2082"]
[PlyCount "81"]
[EventDate "2012.06.07"]
[EventType "swiss"]
[EventRounds "7"]
[EventCountry "GER"]
[SourceTitle "CBM 148 Extra"]
[Source "ChessBase"]
[SourceDate "2012.06.22"]
[SourceVersion "1"]
[SourceVersionDate "2012.06.22"]
[SourceQuality "1"]

1. e4 d5 2. exd5 Qxd5 3. Nc3 Qd6 4. g3 Nf6 5. Bg2 c6 6. d3 Nbd7 7. Nf3 Nb6 8. 0-0 Bg4 9. Bf4 Qd7 10. Re1 e6 11. Be5 Be7 12. Ne4 Nxe4 13. Rxe4 Bf5 14. Rd4 Qc8 15. Bxg7 Rg8 16. Bh6 c5 17. Rf4 Rg6 18. Qd2 Nd5 19. Ne5 Nxf4 20. Bxf4 Rg8 21. Qe2 Bd6 22. Qh5 Qc7 23. Nxf7 Bxf4 24. Nd6+ Kf8 25. Nxf5 Qf7 26. Qxf7+ Kxf7 27. Ne3 Bxe3 28. fxe3 Rab8 29. a4 a5 30. c4 b6 31. Rf1+ Ke7 32. Rf4 Rbf8 33. Rxf8 Rxf8 34. Be4 h6 35. Kg2 Kd6 36. b3 Ke5 37. Bg6 Rf6 38. Be4 Rf7 39. Bg6 Rg7 40. Be4 h5 41. h4 1/2-1/2